<?xml version="1.0" encoding="UTF-8"?>
<record
    xmlns:xsi="http://www.w3.org/2001/XMLSchema-instance"
    xsi:schemaLocation="http://www.loc.gov/MARC21/slim http://www.loc.gov/standards/marcxml/schema/MARC21slim.xsd"
    xmlns="http://www.loc.gov/MARC21/slim">

  <leader>01286nam a2200229 a 4500</leader>
  <controlfield tag="003">DO-SdBNP</controlfield>
  <controlfield tag="005">20220915113043.0</controlfield>
  <controlfield tag="007">ta</controlfield>
  <controlfield tag="008">220915e2010    dr ao||grt|||s001 0 spa d</controlfield>
  <datafield tag="040" ind1=" " ind2=" ">
    <subfield code="a">DO-SdBNP</subfield>
    <subfield code="b">spa</subfield>
    <subfield code="c">BNPHU</subfield>
  </datafield>
  <datafield tag="082" ind1=" " ind2="4">
    <subfield code="2">22</subfield>
    <subfield code="b">R426m</subfield>
  </datafield>
  <datafield tag="110" ind1="2" ind2=" ">
    <subfield code="9">6285</subfield>
    <subfield code="a">Banco de Reservas de la Rep&#xFA;blica Dominicana.</subfield>
  </datafield>
  <datafield tag="245" ind1="1" ind2="0">
    <subfield code="a">Memoria 2010</subfield>
  </datafield>
  <datafield tag="260" ind1=" " ind2=" ">
    <subfield code="a">Santo Domingo :</subfield>
    <subfield code="b">Banreservas,</subfield>
    <subfield code="c">2010</subfield>
  </datafield>
  <datafield tag="300" ind1=" " ind2=" ">
    <subfield code="a">89, [6] p. :</subfield>
    <subfield code="b">il., fotogr.</subfield>
    <subfield code="c">29 cm.</subfield>
  </datafield>
  <datafield tag="505" ind1=" " ind2=" ">
    <subfield code="t">Consejo de Directores.--</subfield>
    <subfield code="t">Resumen Desempe&#xF1;o Financiero.--</subfield>
    <subfield code="t">Cartera de pr&#xE9;stamos Bruta.--</subfield>
    <subfield code="t">Cartera de Dep&#xF3;sitos</subfield>
    <subfield code="t">Total Activos.--</subfield>
    <subfield code="t">Beneficios Netos.--</subfield>
    <subfield code="t">Carta del Administrador General.--</subfield>
    <subfield code="t">Entorno Econ&#xF3;mico a&#xF1;o 2010 y Perspectivas.--</subfield>
    <subfield code="t">Gobierno Corporativo: Consejo de Directores y Administraci&#xF3;n General.--</subfield>
    <subfield code="t">Banreservas en el 2010 Variables Financieras y de Negocios.--</subfield>
    <subfield code="t">Otros Logros Importantes en el A&#xF1;o.--</subfield>
    <subfield code="t">Responsabilidad Social y Corporativa.--</subfield>
    <subfield code="t">Informe de los Auditores Independientes y Estados Financieros Sobre Base Regular, 31 de diciembre de 2010.</subfield>
  </datafield>
  <datafield tag="590" ind1=" " ind2=" ">
    <subfield code="a">Inventariado 2022 / MF</subfield>
  </datafield>
  <datafield tag="650" ind1=" " ind2="4">
    <subfield code="a">Instituciones P&#xFA;blicas</subfield>
    <subfield code="x">Memorias e Informes</subfield>
    <subfield code="z">Rep&#xFA;blica Dominicana</subfield>
    <subfield code="9">82134</subfield>
  </datafield>
  <datafield tag="651" ind1=" " ind2="4">
    <subfield code="a">Rep&#xFA;blica Dominicana. Banco de Reservas</subfield>
    <subfield code="x">Memorias e informes</subfield>
    <subfield code="y">2010</subfield>
    <subfield code="9">82383</subfield>
  </datafield>
  <datafield tag="910" ind1=" " ind2=" ">
    <subfield code="a">MFeliz</subfield>
  </datafield>
  <datafield tag="942" ind1=" " ind2=" ">
    <subfield code="2">ddc</subfield>
    <subfield code="c">LBS1</subfield>
  </datafield>
  <datafield tag="952" ind1=" " ind2=" ">
    <subfield code="0">0</subfield>
    <subfield code="1">0</subfield>
    <subfield code="2">ddc</subfield>
    <subfield code="5">1</subfield>
    <subfield code="7">0</subfield>
    <subfield code="8">PD</subfield>
    <subfield code="a">BNPHU</subfield>
    <subfield code="b">BNPHU</subfield>
    <subfield code="c">CT</subfield>
    <subfield code="d">2018-07-15</subfield>
    <subfield code="e">Donado por CERTV</subfield>
    <subfield code="o">R426m</subfield>
    <subfield code="p">2022-3956</subfield>
    <subfield code="r">2022-09-15</subfield>
    <subfield code="w">2022-09-15</subfield>
    <subfield code="y">LBS1</subfield>
  </datafield>
  <datafield tag="999" ind1=" " ind2=" ">
    <subfield code="c">52403</subfield>
    <subfield code="d">52403</subfield>
  </datafield>
</record>
